Economía de redes. Estrategias para un proyecto local /

Shranjeno v:
Bibliografske podrobnosti
Glavni avtor: Corrales, Salvador
Format: Texto
Teme:
Oznake: Označite
Brez oznak, prvi označite!

MARC

LEADER 00000 a a2200000 04500
001 18758
003
040
100 |a Corrales, Salvador  
245 |a Economía de redes. Estrategias para un proyecto local /  |c Salvador Corrales 
650 |a SECTOR INDUSTRIAL  
650 |a DESEMPEÑO ECONOMICO  
650 |a ALIANZAS  
650 |a INTEGRACION INDUSTRIAL  
650 |a INDUSTRIA LOCAL  
650 |a INDUSTRIA SIDERURGICA  
650 |a SECTOR INDUSTRIAL  
773 |g volumen 6, número 13 -14; páginas 114-130  
999 |c 32254  |d 32254